Top 10 pire punchliners FR (+1 bonus) - Statistiques

Statistiques générales
  • Ce quiz a été pris 49 fois
  • Le résultat moyen est 4 sur 11
Statistiques - réponses
Rappeurs % Correct
Booba « Eux, ils ont des godes. Nous, on est des godfathers »
74%
Lacrim « Frère si je sors la AK je sais qu’ils feront tous caca »
64%
La Fouine « Délinquance ordonnance pas d'chance. Il manque une rime en "ance", jeune transs' »
54%
Maes « On tient les blocs ils tiennent des zizis »
44%
Maître Gims « Pour te montrer que je suis dans la merde, j’écris mes punchlines sur du PQ »
31%
Rohff « Ma bite n’a pas d’œil mais elle a du flair : Tu pues du cul »
31%
Gradur « J’ai trop d’inspi, ça sort de mon corps comme si j’avais lâché une crotte »
26%
PNL « Eh, jparle pas tching tchong tchang tching tchang »
21%
Seth Gueko « Nique ta mère t'auras des Nike Air. Nikoumouk t'auras des Reebok »
18%
Heuss L’enfoiré « C'est pas Yves Montant qui m'a fait monter »
10%
Black M « Dites à Donald qu’il s'Trump » (Bonus)
8%
Aucun quiz correspondant
Distribution des résultats
% des personnes avec chaque résultat
Percentile par nombre de réponses
Votre historique - résultats
Vous n’avez pas pris ce quiz